[Event "Golden Cleopatra Open"]
[Site "Cairo EGY"]
[Date "2001.05.06"]
[Round "5"]
[White "Hatem,I"]
[Black "Radulov,I"]
[Result "0-1"]
[WhiteElo "2393"]
[BlackElo "2390"]

1.d4 d5 2.c4 e6 3.Nf3 Nf6 4.Nc3 Be7 5.Bf4 O-O 6.e3 dxc4 7.Bxc4 a6 8.Qe2 c5
9.dxc5 Bxc5 10.O-O b5 11.Rfd1 Qb6 12.Bd3 Bb7 13.e4 Nh5 14.Bd2 Nd7 15.a4 b4
16.a5 Qc7 17.Na4 Be7 18.Rdc1 Qb8 19.g3 Nhf6 20.Rc4 Rc8 21.Rac1 Rxc4 22.Rxc4 Qd8
23.Bxb4 Bxb4 24.Rxb4 Qxa5 25.Rxb7 Qxa4 26.e5 Qc6 27.Rb4 Nd5 28.Rc4 Qb7 29.Qe4 Nf8
30.Ng5 h6 31.Nh7 Nd7 32.b4 Qb8 33.f4 Qb6+ 34.Rd4 Rc8 35.Kg2 Rc1 36.Kh3 Re1
37.Qxe1 Qxd4 38.Qb1 Qxb4 39.Qf1 Nc5 40.Qd1 Qb2  0-1

[Event "3rd Julian Borowski A"]
[Site "Essen GER"]
[Date "2001.05.11"]
[Round "9"]
[White "Dautov,R"]
[Black "Lutz,C"]
[Result "1/2-1/2"]
[WhiteElo "2631"]
[BlackElo "2614"]

1.d4 Nf6 2.c4 e6 3.Nf3 d5 4.Nc3 Be7 5.Bf4 O-O 6.e3 c5 7.dxc5 Bxc5 8.cxd5 Nxd5
9.Nxd5 exd5 10.a3 Nc6 11.Bd3 Bb6 12.O-O Qf6 13.b4 Bf5 14.Bxf5 Qxf5 15.Qb1 Qxb1
16.Raxb1 Rfd8 17.a4 Rac8 18.a5 Bc7 19.Bxc7 Rxc7 20.Rfc1 Rdc8 21.Kf1 g6 22.Rc5 Ne7
23.Nd4 Rxc5 24.bxc5 Rc7 25.Ke2 Kf8 26.Kf3 Kg7 27.h4 h5 28.Kf4 Nf5 29.Nxf5+ gxf5
30.c6 bxc6 31.Kxf5 c5 32.Ke5 d4 33.Kd6 Rc8 34.Kd7 Rg8 35.exd4 cxd4 36.Rb5 Kf6
37.g3 Rg4 38.Rxh5 d3 39.Rd5 Ra4 40.Kc6 Ke6 41.Rxd3 Rxa5 42.Re3+ Kf6 43.Rf3+ Kg6
44.Rf4 f5 45.Rf3 Ra2 46.Kd5 Ra4 47.Kc5 Ra2 48.Kc4 Ra4+ 49.Kb3 Rd4 50.Kc3 Ra4
51.Kb3 Rd4 52.Kc3 Ra4 53.Kd2 a5 54.Rd3 f4 55.Ke2 fxg3 56.fxg3 Re4+ 57.Re3 Rb4
58.Re5 Rb3 59.Kf2 a4 60.Ra5 Ra3 61.Kg2 Ra1 62.Kh3 a3 63.Kg4 a2 64.Ra7 Kf6
65.h5 Ke6 66.h6 Kf6 67.h7 Rh1 68.Rxa2 Kg7 69.Ra5 Rb1 70.Rh5 Kh8 71.Kh4 Rb6
72.g4 Ra6 73.Kg3 Ra3+ 74.Kh4 Ra6 75.g5 Ra4+ 76.Kg3 Ra5 77.Kf4 Ra4+  1/2-1/2

[Event "TCh-RUS"]
[Site "Tomsk RUS"]
[Date "2001.05.14"]
[Round "2"]
[White "Ivanov,Al2"]
[Black "Gerasimov,V"]
[Result "1/2-1/2"]
[WhiteElo "2439"]
[BlackElo "2341"]

1.d4 d5 2.c4 e6 3.Nf3 Nf6 4.Nc3 Be7 5.Bf4 O-O 6.e3 c5 7.dxc5 Bxc5 8.a3 Nc6
9.Qc2 Qa5 10.Rd1 Be7 11.Nd2 e5 12.Bg5 d4 13.Nb3 Qd8 14.exd4 Nxd4 15.Nxd4 exd4
16.Nb5 Bc5 17.Be2 a6 18.Nxd4 Bxd4 19.Be3 Qa5+ 20.b4 Qxa3 21.Bxd4 Qxb4+ 22.Bc3 Qe7
23.O-O Ne4 24.Ba5 Bf5 25.Qb2 Rfe8 26.Bf3 Rac8 27.Rd5 Bg6 28.Rd4 Qe5 29.Bb6 Rxc4
30.Rd8 f6 31.Qxe5 fxe5 32.Rd7 Rb8 33.Ba7 Nf6 34.Re7 Rbc8 35.Bxb7 R8c7 36.Bxa6 Rc1
37.Rxc7 Rxc7 38.Bb8 Rc5 39.h3 e4 40.Rd1 h6 41.Kh2 Rc2 42.Kg1 Kh7 43.Be5 Rc6
44.Bf1 Re6 45.Bf4 Rb6 46.g4 Bf7 47.Bg2 Bc4 48.Rd6 Rxd6 49.Bxd6 Bd3 50.Kh2 g5
51.Kg3 Nd5 52.h4 gxh4+ 53.Kxh4 Kg6 54.Be5 Ne7 55.Kg3 Nd5  1/2-1/2

[Event "ch-LTU"]
[Site "Kaunas LTU"]
[Date "2001.05.15"]
[Round "8"]
[White "Ruzele,D"]
[Black "Zagorskis,D"]
[Result "1/2-1/2"]
[WhiteElo "2550"]
[BlackElo "2467"]

1.d4 Nf6 2.c4 e6 3.Nc3 d5 4.Nf3 Be7 5.Bf4 O-O 6.e3 c5 7.dxc5 Bxc5 8.a3 Nc6
9.Qc2 Qa5 10.O-O-O Bd7 11.Kb1 Be7 12.g4 dxc4 13.Bxc4 Rfd8 14.Nd2  1/2-1/2

[Event "TCh-RUS"]
[Site "Tomsk RUS"]
[Date "2001.05.15"]
[Round "3"]
[White "Rustemov,A"]
[Black "Pigusov,E"]
[Result "1/2-1/2"]
[WhiteElo "2625"]
[BlackElo "2584"]

1.d4 Nf6 2.c4 e6 3.Nf3 d5 4.Nc3 Be7 5.Bf4 O-O 6.e3 c5 7.dxc5 Bxc5 8.a3 Nc6
9.Qc2 Qa5 10.Ra2 Be7 11.b4 Qd8 12.Bd3 dxc4 13.Bxc4 Nh5 14.O-O Nxf4 15.exf4 Nd4
16.Qe4 Nxf3+ 17.Qxf3 Qc7 18.Bb3 Bd7 19.Rc2 Bc6 20.Qe3 a6 21.Ne2 Bf6 22.Ba4 Qd7
23.Bxc6 bxc6 24.Rfc1 a5 25.g3 axb4 26.axb4 Qb7 27.Qe4 Ra4 28.Rc4 g6 29.Rb1 Rb8
30.Kg2 Qb5 31.Qxc6  1/2-1/2

[Event "Bosnia 2001"]
[Site "Sarajevo BIH"]
[Date "2001.05.16"]
[Round "4"]
[White "Dreev,A"]
[Black "Georgiev,Ki"]
[Result "1/2-1/2"]
[WhiteElo "2685"]
[BlackElo "2676"]

1.d4 Nf6 2.c4 e6 3.Nf3 d5 4.Nc3 Be7 5.Bf4 O-O 6.e3 c5 7.dxc5 Bxc5 8.a3 Nc6
9.cxd5 Nxd5 10.Nxd5 exd5 11.Bd3 Bb6 12.O-O Bg4 13.h3 Bh5 14.b4 Re8 15.Rc1 a6
16.Bxa6 Rxa6 17.b5 Rxa3 18.bxc6 bxc6 19.Rxc6 Re6 20.Qc1 Rxc6 21.Qxc6 Bxf3
22.gxf3 Ra8 23.Rb1 Ba5 24.Rd1 Rc8 25.Qxd5 Bc7 26.Qb3 Qe8 27.Bg3 Bxg3 28.fxg3 g6
29.Kf2 Qc6 30.g4 h6 31.Qb4 Qc2+ 32.Qd2 g5 33.Qxc2 Rxc2+ 34.Kg3 Rc3 35.Rd8+ Kg7
36.Re8 Kg6 37.h4 Kg7 38.Re5 Kf6 39.Rf5+ Kg6 40.h5+ Kg7 41.Kf2 Rc2+ 42.Ke1 Ra2
43.Rd5 Rb2 44.Rd2 Rb3 45.Ke2 Ra3 46.Rc2 Rb3 47.Kd2 Ra3 48.Rc3 Ra6 49.Kd3 Rf6
50.Ke4 Re6+ 51.Kd5 Rf6 52.e4 Ra6 53.e5 Rb6 54.Rc7 Ra6 55.Rd7 Rb6 56.Ke4 Rb4+
57.Rd4 Rb1 58.f4 gxf4 59.Kxf4 Rf1+ 60.Ke4 Re1+ 61.Kd5 Ra1 62.Kd6  1/2-1/2

[Event "TCh-YUG"]
[Site "Herceg Novi YUG"]
[Date "2001.05.17"]
[Round "4"]
[White "Beliavsky,A"]
[Black "Hracek,Z"]
[Result "1/2-1/2"]
[WhiteElo "2638"]
[BlackElo "2603"]

1.d4 Nf6 2.c4 e6 3.Nf3 d5 4.Nc3 Be7 5.Bf4 O-O 6.e3 Nbd7 7.cxd5 Nxd5 8.Nxd5 exd5
9.Be2 c5 10.O-O a6 11.Qc2 c4 12.a4 Bb4 13.Bg5 Qb6 14.e4 Qg6 15.Bd2 Be7 16.Ne1 dxe4
17.f3 Nf6  1/2-1/2

[Event "TCh-YUG"]
[Site "Herceg Novi YUG"]
[Date "2001.05.20"]
[Round "7"]
[White "Djukic,Z YUG"]
[Black "Lekic,D"]
[Result "1/2-1/2"]
[WhiteElo "2394"]
[BlackElo "2393"]

1.d4 d5 2.c4 e6 3.Nf3 Nf6 4.Nc3 Be7 5.Bf4 c5 6.e3 O-O 7.dxc5 Bxc5 8.Qc2 Nc6
9.a3 Qa5 10.O-O-O Be7 11.g4 dxc4 12.Bxc4 e5 13.g5 exf4 14.gxf6 Bxf6 15.Nd5 Ne7
16.Nxf6+ gxf6 17.Rhg1+  1/2-1/2

[Event "TCh-YUG Women"]
[Site "Herceg Novi YUG"]
[Date "2001.05.20"]
[Round "7"]
[White "Khurtsidze,N"]
[Black "Ujhazi,D"]
[Result "1-0"]
[WhiteElo "2456"]
[BlackElo "2191"]

1.d4 d5 2.c4 e6 3.Nf3 Nf6 4.Nc3 Be7 5.Bf4 c5 6.dxc5 Bxc5 7.e3 O-O 8.Qc2 Qe7
9.Be2 Nc6 10.a3 dxc4 11.Bxc4 a6 12.O-O b5 13.Bd3 Bb7 14.Ne4 Nxe4 15.Bxe4 f5
16.Bg5 Qe8 17.Qxc5 fxe4 18.Nd2 Qg6 19.Bh4 Rf7 20.Rac1 Qg4 21.Bg3 Rd8 22.Rc2 h5
23.h3 Qg6 24.Qb6 Rd3 25.Rfc1 h4 26.Bc7 Nd4 27.exd4 Rxd2 28.Rxd2 e3 29.fxe3  1-0

[Event "6th Stuttgart Open"]
[Site "Ditzingen GER"]
[Date "2001.05.25"]
[Round "3"]
[White "Duppel,M"]
[Black "Hamm,S"]
[Result "1-0"]
[WhiteElo "2455"]
[BlackElo "2247"]

1.Nf3 Nf6 2.c4 e6 3.Nc3 d5 4.d4 Be7 5.Bf4 O-O 6.e3 c5 7.dxc5 Qa5 8.a3 dxc4
9.Bxc4 Qxc5 10.Qe2 Nc6 11.e4 Rd8 12.h3 a6 13.e5 Nd5 14.Nxd5 exd5 15.Bd3 b5
16.O-O Be6 17.Ng5 Bxg5 18.Bxg5 Rdc8 19.Rad1 Ne7 20.Bxe7 Qxe7 21.f4 f5 22.Qf2 b4
23.Ra1 a5 24.Qd4 Rab8 25.a4 Qc5 26.Qxc5 Rxc5 27.Kf2 d4 28.Ke2 g6 29.Kd2 Bd5
30.g4 Be4 31.Rfc1 Rbc8 32.Rxc5 Rxc5 33.Re1 b3 34.Bxe4 fxe4 35.Rxe4 Rc2+ 36.Kd3 Rxb2
37.Rxd4 Rh2 38.f5 Rxh3+ 39.Kd2 gxf5 40.gxf5 Rf3 41.f6 b2 42.Kc2 Rf2+ 43.Kb1 h5
44.e6 Rxf6 45.Rd8+  1-0

[Event "2nd IECC"]
[Site "Ohrid MKD"]
[Date "2001.06.01"]
[Round "1"]
[White "Gurevich,M"]
[Black "Volzhin,A"]
[Result "1-0"]
[WhiteElo "2688"]
[BlackElo "2528"]

1.c4 e6 2.Nf3 Nf6 3.Nc3 d5 4.d4 Be7 5.Bf4 O-O 6.e3 Nbd7 7.Qc2 c5 8.cxd5 cxd4
9.exd4 Nxd5 10.Nxd5 exd5 11.Bd3 Bb4+ 12.Kf1 Nf6 13.h3 Be6 14.Bg5 h6 15.Bh4 Be7
16.Kg1 Rc8 17.Qe2 Re8 18.a3 Ne4 19.Bxe7 Rxe7 20.Re1 Bf5 21.Qd1 Qd6 22.g4 Bh7
23.Kg2 Qf4 24.Rhf1 Rec7 25.Qe2 f5 26.Qe3 Qxe3 27.Rxe3 fxg4 28.hxg4 Nf6 29.Bxh7+ Kxh7
30.Ne5 Rc2 31.Rb3 b6 32.g5 hxg5 33.Rh1+ Kg8 34.Rf3 Ne4 35.Ng6 Nf6 36.Ne7+ Kf7
37.Nxc8 Rxc8 38.Rc3 Rxc3 39.bxc3 Ne4 40.Rc1 Nd2 41.Rc2 Nc4 42.a4  1-0

[Event "2nd IECC"]
[Site "Ohrid MKD"]
[Date "2001.06.02"]
[Round "2"]
[White "Zlochevskij,A"]
[Black "Kruppa,Y"]
[Result "1/2-1/2"]
[WhiteElo "2469"]
[BlackElo "2572"]

1.d4 e6 2.c4 Nf6 3.Nf3 d5 4.Nc3 Be7 5.Bf4 O-O 6.e3 c5 7.dxc5 Bxc5 8.a3 Nc6
9.Rc1 d4 10.exd4 Nxd4 11.b4 Nxf3+ 12.Qxf3 Bd4 13.Be2 e5 14.Bg5 h6 15.Bxf6 Qxf6
16.Qxf6 gxf6 17.Nb5 Rd8 18.c5 a5 19.Nxd4 exd4 20.Bd3 axb4 21.axb4 Ra2 22.O-O Be6
23.f3 f5 24.Rf2 Rda8 25.b5 Ra1 26.Rxa1 Rxa1+ 27.Rf1 Ra3 28.Rd1 Rc3 29.Be2 Rxc5
30.Rxd4 Kf8 31.Kf2  1/2-1/2

[Event "2nd IECC"]
[Site "Ohrid MKD"]
[Date "2001.06.04"]
[Round "4"]
[White "Tregubov,P"]
[Black "San Segundo Carrillo,P"]
[Result "1-0"]
[WhiteElo "2628"]
[BlackElo "2508"]

1.d4 d5 2.Nf3 Nf6 3.c4 e6 4.Nc3 Be7 5.Bf4 O-O 6.e3 c5 7.dxc5 Bxc5 8.cxd5 Nxd5
9.Nxd5 exd5 10.a3 Nc6 11.Bd3 Bb6 12.O-O Bg4 13.h3 Bh5 14.b4 Re8 15.Rc1 a6
16.g4 Bg6 17.Bxg6 hxg6 18.Qd3 d4 19.e4 Bc7 20.Bxc7 Qxc7 21.Rfe1 Qf4 22.Kg2 Rad8
23.Rc2 Kh7 24.Qd2 Qxd2 25.Nxd2 g5 26.Rc5 f6 27.h4 Ne5 28.hxg5 fxg5 29.Rd1 Kg6
30.Nf3 Nxf3 31.Kxf3 Re6 32.Rd5 Rf8+ 33.Rf5 Rh8 34.Rxd4 Rh3+ 35.Kg2 Rxa3 36.f3 Rb3
37.Rdd5 Rxb4 38.Rxg5+ Kh7 39.Rd7 Rg6 40.Rh5+ Rh6 41.Re5 b5 42.g5 Rg6 43.Kg3 Rb1
44.f4 Rg1+ 45.Kf2 Rc1 46.Kf3 Rcc6 47.Ree7 b4 48.Rb7 a5 49.Kg4 Rc1 50.Re8 Rgc6
51.f5 Rg1+ 52.Kf4 Rf1+ 53.Kg4 Rg1+ 54.Kf4 Rf1+ 55.Ke5 Rd1 56.Rbb8 Rc5+ 57.Kf4  1-0

[Event "2nd IECC"]
[Site "Ohrid MKD"]
[Date "2001.06.05"]
[Round "5"]
[White "Greenfeld,A"]
[Black "Graf,A"]
[Result "1/2-1/2"]
[WhiteElo "2570"]
[BlackElo "2649"]

1.Nf3 d5 2.d4 Nf6 3.c4 e6 4.Nc3 Be7 5.Bf4 a6 6.e3 dxc4 7.Bxc4 b5 8.Bd3 Bb7
9.a3 c5 10.dxc5 Bxc5 11.O-O Nbd7 12.e4 Nh5 13.Bg5 Be7 14.Be3 Nhf6 15.Qe2 Qb8
16.Bg5 Bd6 17.Rad1 O-O 18.Rfe1 Re8 19.Bb1 Ne5 20.Bxf6 gxf6 21.Nxe5 Bxe5 22.Qh5 Rd8
23.Nd5 exd5 24.exd5 Rxd5 25.Rxd5 Bxd5 26.Qxh7+ Kf8 27.Qh8+ Ke7 28.Qxb8 Rxb8
29.f4 Kd6 30.fxe5+ fxe5 31.Rd1 Ke6 32.Kf2 Rh8 33.h3 e4 34.Ke3 Ke5 35.Rf1 f5
36.Rf4 Be6 37.h4 Rc8 38.g4 Rc1 39.gxf5 Bxf5 40.Rxf5+ Kxf5 41.Bxe4+ Ke5 42.Kd2 Rc7
43.Bg6 Kd4 44.h5 Rc6 45.Be8 Rf6 46.Bg6 Kc4 47.Bc2 Rf2+ 48.Kc1 Rf1+ 49.Kd2 Rh1
50.Bd1 a5 51.Be2+ Kb3 52.Bxb5 Rxh5 53.a4 Kxb2 54.Kd3 Rh4 55.Bc6 Kb3 56.Bb5 Rh2
57.Bc6 Rh6 58.Bb5 Rd6+ 59.Ke3 Kc3 60.Ke4 Rd1 61.Ke5 Rd4 62.Bc6 Kc4 63.Be8 Kc5
64.Bb5 Rb4 65.Bd7 Rb1 66.Ke4 Re1+ 67.Kf3 Kb4 68.Kf2 Re7 69.Bb5 Kb3 70.Kf3 Re1
71.Kf4 Kc3 72.Kf3 Kd4 73.Kf2 Re3 74.Ba6 Ke4 75.Bc4 Kf4 76.Bb5 Re4 77.Bc6 Re7
78.Bb5 Re6 79.Bc4 Re3 80.Bb5 Ke4 81.Ba6 Kd4 82.Bb5 Re7 83.Kf3 Re4 84.Kf2 Re5
85.Kf3 Re6 86.Kf2 Kc5 87.Kf3 Kb4 88.Kf2 Re7 89.Kf3 Kb3 90.Kf4 Kc3 91.Kf3 Kd2
92.Kf4 Re3 93.Ba6 Rb3 94.Bb5 Rb4+ 95.Kf3 Rh4 96.Bc6 Kd3 97.Bb5+ Kd4 98.Ke2 Rh2+
99.Kd1 Kc3 100.Ke1 Rd2 101.Bc6 Kd3 102.Bb5+ Ke3 103.Be8 Rd4  1/2-1/2

[Event "2nd IECC"]
[Site "Ohrid MKD"]
[Date "2001.06.06"]
[Round "6"]
[White "Greenfeld,A"]
[Black "Vaganian,R"]
[Result "0-1"]
[WhiteElo "2570"]
[BlackElo "2641"]

1.d4 d5 2.c4 e6 3.Nc3 Be7 4.Nf3 Nf6 5.Bf4 O-O 6.e3 Nbd7 7.Qc2 c5 8.dxc5 Nxc5
9.O-O-O Bd7 10.Ne5 Rc8 11.Kb1 Bc6 12.Be2 Qb6 13.Bf3 Nfe4 14.Bxe4 Nxe4 15.Nxe4 dxe4
16.Nd7 Bxd7 17.Rxd7 Bf6 18.Qb3 Qc6 19.Rxb7 Rfd8 20.Qb5 Qxb5 21.Rxb5 a6 22.Rb6 Rd2
23.c5 h5 24.Bd6 Kh7 25.a4 a5 26.Ka2 g5 27.Rc1 Kg6 28.f3 Rxg2 29.fxe4 Rd2
30.e5 Bd8 31.Rb8 Rxb8 32.Bxb8 g4 33.Kb3 h4 34.Kc3 Rxh2 35.Rd1 g3 36.Rxd8 Kh7
37.c6 g2 38.c7 g1=Q 39.Rh8+ Kxh8 40.Kd4  0-1

[Event "2nd IECC"]
[Site "Ohrid MKD"]
[Date "2001.06.06"]
[Round "6"]
[White "Malakhatko,V"]
[Black "Short,N"]
[Result "1/2-1/2"]
[WhiteElo "2524"]
[BlackElo "2676"]

1.d4 e6 2.c4 Nf6 3.Nf3 d5 4.Nc3 Be7 5.Bf4 c5 6.dxc5 Na6 7.e3 Nxc5 8.Be2 O-O
9.O-O dxc4 10.Bxc4 a6 11.Ne5 Ncd7 12.Be2 Nxe5 13.Bxe5 Qa5 14.Bg3 b5 15.Bf3 Ra7
16.a3 Rd8 17.Qe2 Rad7 18.Rfd1 Qb6 19.Rxd7 Rxd7 20.Rd1 Bb7 21.Be5 Bxf3 22.Qxf3 Rxd1+
23.Qxd1 Qc6 24.Ne2 Nd7 25.Bc3 Nb6 26.h3 Nd5 27.Bd4 Bf8 28.Nc3 f6 29.Nxd5 Qxd5
30.Qc2 e5  1/2-1/2

[Event "Open"]
[Site "Estensi ITA"]
[Date "2001.06.10"]
[Round "9"]
[White "Caoili,A"]
[Black "Pircher,K"]
[Result "1-0"]
[WhiteElo "2140"]
[BlackElo "2041"]

1.d4 d5 2.Nf3 Nf6 3.c4 e6 4.Nc3 Be7 5.Bf4 O-O 6.e3 c5 7.dxc5 Qa5 8.a3 Qxc5
9.b4 Qb6 10.cxd5 a5 11.Na4 Qa7 12.d6 Rd8 13.b5 b6 14.Qc2 Bf8 15.e4 Nbd7 16.Bd3 Bb7
17.e5 Rac8 18.Qb1 Nh5 19.Bxh7+ Kh8 20.Ng5 g6 21.Be3 Nxe5 22.Bd4 Bg7 23.Bxe5 Bxe5
24.Bxg6 Bxa1 25.Bxh5 Kg7 26.Qh7+ Kf6 27.Qxf7+ Ke5 28.Qxe6+ Kd4 29.O-O Kd3
30.Qe3+  1-0

[Event "2nd IECC"]
[Site "Ohrid MKD"]
[Date "2001.06.11"]
[Round "10"]
[White "Malakhatko,V"]
[Black "Pigusov,E"]
[Result "1/2-1/2"]
[WhiteElo "2524"]
[BlackElo "2584"]

1.d4 Nf6 2.c4 e6 3.Nf3 d5 4.Nc3 Be7 5.Bf4 O-O 6.e3 c5 7.dxc5 Bxc5 8.cxd5 Nxd5
9.Nxd5 exd5 10.a3 Nc6 11.Bd3 Bb6 12.O-O Bg4 13.h3 Bh5 14.b4 Re8 15.Rc1 a6
16.Bxa6 Rxa6 17.b5 Rxa3 18.bxc6 bxc6 19.Rxc6 Ra7 20.Qb3 Bxf3 21.gxf3 Bc7
22.Rxc7 Rxc7 23.Bxc7 Qxc7 24.Qxd5 Qe5 25.Rd1 Qxd5 26.Rxd5 g6 27.Kg2 Kg7 28.e4 Re6
29.Kg3 Re7 30.h4 Ra7 31.f4 Ra3+ 32.f3 Ra7 33.e5 Ra2 34.Rc5 Re2 35.Rc7 h5
36.Rb7 Kf8 37.Rc7 Kg7 38.Rc5 f5 39.Rc1 Kf7 40.Rf1 Ra2 41.Rf2 Ra4 42.Rc2 Rb4
43.Rc7+ Kf8 44.Rd7 Rb2  1/2-1/2

[Event "2nd IECC"]
[Site "Ohrid MKD"]
[Date "2001.06.11"]
[Round "10"]
[White "Kempinski,R"]
[Black "Azarov,S"]
[Result "1/2-1/2"]
[WhiteElo "2582"]
[BlackElo "2452"]

1.d4 d5 2.c4 e6 3.Nf3 Nf6 4.Nc3 Be7 5.Bf4 O-O 6.e3 c5 7.dxc5 Bxc5 8.Qc2 Nc6
9.a3 Qa5 10.O-O-O Be7 11.Nd2 e5 12.Bg3 dxc4 13.Nxc4 Qc7 14.Nb5 Qb8 15.Nd4 Nxd4
16.exd4 Be6 17.Bxe5 Qd8 18.Bxf6 Bxf6 19.d5 Bxd5 20.Ne3 Bg5 21.Bc4 Bxc4 22.Rxd8 Raxd8
23.Qa4 Bd3 24.Rd1 Rc8+ 25.Kd2 Bc2 26.Qxc2 Rfd8+ 27.Qd3 Rxd3+ 28.Kxd3 g6 29.Nd5 Kg7
30.f4 Rd8 31.Ke2 Bh6 32.g4 Kf8 33.b3 f5 34.h3 Kf7 35.Kf3 b5 36.Rd3 Bf8 37.a4 bxa4
38.bxa4 a5 39.Ke3 Bg7 40.Kd2 Rd7 41.gxf5 gxf5 42.Ne3 Rxd3+ 43.Kxd3 Bh6 44.Nc4 Bxf4
45.Nxa5 Kg6 46.Nc6 Bc7 47.Ke3 Kh5 48.Kf3 Kh4 49.Kg2 f4 50.Nd4 h6 51.Nf5+ Kg5
52.Ne7 Kh4 53.Nf5+ Kg5 54.Nd4 Bb6 55.Nc6 Kh4 56.Ne5 Bc7 57.Nf3+ Kh5 58.Kf1 Kg6
59.Nd4 Bb6 60.Nb3 Kg5 61.Kg2 Kh4 62.Nd2 Bc7 63.Nf3+ Kh5 64.Nh2 Kg5 65.Ng4 Bb6
66.Kf3 Bc7 67.Kf2 Bb6+ 68.Kg2 Bc7 69.Kf3 Kh4 70.Nxh6 Kxh3 71.Nf5 Kh2 72.Nd4 Kh3
73.Ne6 Ba5 74.Kxf4 Kh4 75.Nd4 Kh5 76.Nc6 Bd2+ 77.Kf5 Be1 78.Ne5 Kh6 79.Nd3 Bc3
80.Nf4 Kg7 81.Ke6 Kf8 82.Kd7 Be1 83.Nd5 Kf7 84.Kd6 Ke8  1/2-1/2

[Event "2nd IECC"]
[Site "Ohrid MKD"]
[Date "2001.06.14"]
[Round "13"]
[White "Arlandi,E"]
[Black "Dervishi,E"]
[Result "0-1"]
[WhiteElo "2423"]
[BlackElo "2491"]

1.d4 d5 2.c4 e6 3.Nc3 Be7 4.Nf3 Nf6 5.Bf4 O-O 6.e3 c5 7.dxc5 Bxc5 8.cxd5 Nxd5
9.Nxd5 exd5 10.a3 Nc6 11.Bd3 Be7 12.O-O Bf6 13.Rc1 a6 14.b4 Qe7 15.h3 Be6
16.Re1 g6 17.Re2 Rfc8 18.Bb1 Na7 19.Rxc8+ Rxc8 20.Rc2 Rxc2 21.Qxc2 Bf5 22.Qc1 Bxb1
23.Qxb1 Nb5 24.Qc2 Nxa3 25.Qd3 Nb5 26.Qxd5 Nc3 27.Qc4 Qe6 28.Qc7 Ne2+ 29.Kh2 Nxf4
30.Qxf4 Kg7 31.g3 Qf5 32.Qxf5 gxf5 33.Ne1 Be7 34.Nd3 Kf6 35.Kg2 Ke6 36.Kf3 Kd5
37.Kf4 Kc4 38.Ne5+ Kxb4 39.Nxf7 a5 40.Kxf5 a4  0-1

[Event "2nd IECC"]
[Site "Ohrid MKD"]
[Date "2001.06.14"]
[Round "13"]
[White "Jaracz,P"]
[Black "Sargissian,G"]
[Result "0-1"]
[WhiteElo "2484"]
[BlackElo "2517"]

1.Nf3 d5 2.d4 Nf6 3.c4 e6 4.Nc3 Be7 5.Bf4 O-O 6.e3 c5 7.dxc5 Bxc5 8.a3 Nc6
9.cxd5 Nxd5 10.Nxd5 exd5 11.Bd3 Bb6 12.O-O d4 13.e4 Bg4 14.h3 Bh5 15.g4 Bg6
16.Nd2 f6 17.Bg3 Ne5 18.f4 Nxd3 19.Qb3+ Bf7 20.Qxd3 Rc8 21.Kh2 Qc7 22.Rac1 Qxc1
23.Rxc1 Rxc1 24.f5 Rfc8 25.Bf4 R8c2 26.Qb5 Bc7 27.e5 fxe5 28.Qd7 h6 29.g5 hxg5
30.Bxg5 e4+ 31.Kg2 e3  0-1

[Event "zt 2.4"]
[Site "Sao Paulo BRA"]
[Date "2001.06.14"]
[Round "7"]
[White "De Souza Haro,P"]
[Black "Pelikian,J"]
[Result "0-1"]
[WhiteElo "2237"]
[BlackElo "2415"]

1.d4 e6 2.c4 d5 3.Nf3 Nf6 4.Nc3 Be7 5.Bf4 O-O 6.e3 c5 7.dxc5 Bxc5 8.Bd3 a6
9.cxd5 exd5 10.O-O Nc6 11.Rc1 Ba7 12.Bg5 h6 13.Bh4 Be6 14.Ne2 Bg4 15.h3 Bxf3
16.gxf3 Ne5 17.Kg2 Ng6 18.Bg3 Bb8 19.Qb3 Bxg3 20.Nxg3 Nh4+ 21.Kh1 Qd7 22.Kh2 Nxf3+
23.Kg2 Nd2 24.Qb4 Nxf1 25.Rxf1 Ne4 26.Bxe4 dxe4 27.Kh2 Qd5 28.Rg1 a5 29.Qe7 Rfe8
30.Qh4 Qg5 31.Qxg5 hxg5 32.Ne2 Rad8 33.Nd4 Re5 34.Rc1 Red5 35.Rc7 R8d7 36.Rc8+ Kh7
37.Re8 Rxd4 38.exd4 Rxd4 39.Kg3 Kg6 40.Ra8 a4 41.Ra7 Rb4 42.a3 Rb3+ 43.Kg2 b5
44.Re7 f5  0-1

[Event "2nd IECC Playoff g/15"]
[Site "Ohrid MKD"]
[Date "2001.06.15"]
[Round "3.1"]
[White "Tregubov,P"]
[Black "Georgiev,Ki"]
[Result "1/2-1/2"]
[WhiteElo "2628"]
[BlackElo "2676"]

1.d4 Nf6 2.Nf3 e6 3.c4 d5 4.Nc3 Be7 5.Bf4 O-O 6.e3 c5 7.dxc5 Bxc5 8.cxd5 Nxd5
9.Nxd5 exd5 10.a3 Nc6 11.Bd3 Bb6 12.O-O d4 13.e4 Bg4 14.h3 Bh5 15.g4 Bg6
16.Nd2 f6 17.Nc4 Bc7 18.Bxc7 Qxc7 19.f4 Kh8 20.Qf3 Na5 21.Nxa5 Qxa5 22.Rac1 Rac8
23.Qe2 h6 24.Rfe1 Rxc1 25.Rxc1 Re8 26.Qc2 Bh7 27.Rd1 Qd8 28.Rc1 Qd6 29.Qc7 Qxc7
30.Rxc7 Bxe4 31.Bxe4 Rxe4 32.Rxb7 Re2 33.Rd7 Rxb2 34.Rxd4 Rb3 35.Ra4 Rxh3
36.Kg2 Rb3 37.Rxa7 Kh7 38.f5 h5 39.g5 fxg5 40.f6 g4 41.f7 Rf3 42.Rb7 Kg6
43.a4 h4 44.a5 h3+ 45.Kh2 Kg5 46.f8=Q Rxf8 47.Rxg7+ Kf4 48.a6 Rf5 49.a7 Ra5
50.Rf7+ Kg5 51.Rg7+ Kf5 52.Rf7+ Kg6 53.Rc7 Ra3 54.Rb7 Kf6 55.Rc7 Ke6 56.Rg7 Kf5
57.Rf7+ Kg6 58.Rc7 Kg5 59.Rg7+ Kh5 60.Rh7+ Kg6 61.Rc7 Kf5 62.Rf7+ Ke4 63.Re7+ Kf4
64.Rf7+ Ke5  1/2-1/2

[Event "TSGM"]
[Site "Belgrade YUG"]
[Date "2001.06.22"]
[Round "7"]
[White "Milanovic,D"]
[Black "Kostic,Vl"]
[Result "0-1"]
[WhiteElo "2421"]
[BlackElo "2383"]

1.d4 Nf6 2.c4 e6 3.Nf3 d5 4.Nc3 Be7 5.Bf4 O-O 6.e3 c5 7.dxc5 Bxc5 8.Qc2 dxc4
9.Bxc4 Nc6 10.O-O Nb4 11.Qb3 b6 12.Rfd1 Qe7 13.a3 Nc6 14.Qa4 Qb7 15.b4 Be7
16.Bb5 Nb8 17.Ne5 a6 18.Be2 b5 19.Qb3 Qb6 20.a4 Bb7 21.axb5 axb5 22.Rxa8 Bxa8
23.Bxb5 Qb7 24.Nf3 Rc8 25.Rb1 Nc6 26.Bxc6 Qxc6 27.Ne2 Ne4 28.b5 Qb7 29.Rd1 Bf6
30.Qd3 g5 31.Bg3 Rd8 32.Qc2 Rxd1+ 33.Qxd1 Qxb5 34.h3 Bb7 35.Qf1 Ba6  0-1

[Event "Mainz CC Simul"]
[Site "Mainz GER"]
[Date "2001.06.24"]
[Round "?"]
[White "Kramnik,V"]
[Black "Gypser,A"]
[Result "1/2-1/2"]
[WhiteElo "2797"]
[BlackElo "2210"]

1.d4 d5 2.c4 e6 3.Nc3 Be7 4.Nf3 Nf6 5.Bf4 O-O 6.e3 c5 7.dxc5 Bxc5 8.a3 Nc6
9.Be2 dxc4 10.Qc2 a6 11.Bxc4 Be7 12.O-O b5 13.Bd3 Bb7 14.Ne4 h6 15.Rfd1 Qb6
16.Nd6 Bxd6 17.Bxd6 Rfd8 18.Bg3 Rac8 19.Qe2 Na5 20.Be5 Nb3 21.Bxf6 gxf6 22.Rab1 Nc5
23.Bc2 Be4 24.Bxe4 Nxe4 25.h3 Rxd1+ 26.Rxd1 Rd8 27.Rc1 Nd6 28.Nd4 Rc8 29.Qg4+ Kh7
30.Rd1 Rg8 31.Qf3 f5 32.Qc6 Qxc6 33.Nxc6 Nc4 34.Rd7 Kg7 35.b3 Nxa3 36.Ne5 Rf8
37.Ra7 Nb1 38.Rxa6 Nd2 39.b4 Rc8 40.g4 fxg4 41.hxg4 Rc1+ 42.Kg2 Nc4  1/2-1/2

[Event "III ShakkiNet GM"]
[Site "Helsinki FIN"]
[Date "2001.06.28"]
[Round "7"]
[White "Solozhenkin,E"]
[Black "Blauert,J"]
[Result "1-0"]
[WhiteElo "2512"]
[BlackElo "2405"]

1.d4 e6 2.c4 d5 3.Nf3 Nf6 4.Nc3 Be7 5.Bf4 O-O 6.e3 Nbd7 7.c5 c6 8.Bd3 b6
9.b4 a5 10.a3 Ba6 11.O-O Qc8 12.h3 Bxd3 13.Qxd3 Qb7 14.Rfb1 axb4 15.axb4 Rxa1
16.Rxa1 Ra8 17.Qb1 Ra6 18.Rxa6 Qxa6 19.Qa2 Qb7 20.Qa4 b5 21.Qa5 Ne4 22.Nxe4 dxe4
23.Nd2 f5 24.Qa2 Kf7 25.g4 fxg4 26.hxg4 Nf6 27.g5 Nd5 28.Qb1 Qd7 29.Qxe4 Nxb4
30.Qxh7 Bf8 31.Nf3 Ke8 32.Ne5 Qe7 33.Qb1  1-0

[Event "Open"]
[Site "Batumi GEO"]
[Date "2001.06.30"]
[Round "5"]
[White "Khurtsidze,N"]
[Black "Magalashvili,D"]
[Result "1-0"]
[WhiteElo "2456"]
[BlackElo "2089"]

1.d4 d5 2.c4 e6 3.Nc3 Be7 4.Nf3 Nf6 5.Bf4 O-O 6.e3 c6 7.h3 Nbd7 8.Qc2 a6
9.a3 dxc4 10.Bxc4 b5 11.Ba2 c5 12.d5 exd5 13.Nxd5 c4 14.Rd1 Nxd5 15.Rxd5 Qa5+
16.Ke2 Nf6 17.Bb1 g6 18.Rd4 Bb7 19.h4 Rac8 20.h5 c3 21.hxg6 hxg6 22.Ba2 Rc4
23.Bxc4 bxc4 24.Qxc3 Qxc3 25.bxc3 Nd5 26.Kd2 Bxa3 27.Rb1 Bc6 28.Ne5 Nxf4
29.Nxc6 Nd3 30.f3 Nb2 31.Kc2  1-0

[Event "GM"]
[Site "Clichy FRA"]
[Date "2001.07.03"]
[Round "9"]
[White "Tregubov,P"]
[Black "Renet,O"]
[Result "1/2-1/2"]
[WhiteElo "2628"]
[BlackElo "2494"]

1.d4 d5 2.c4 e6 3.Nf3 Nf6 4.Nc3 Be7 5.Bf4 O-O 6.e3 c5 7.dxc5 Bxc5 8.cxd5 exd5
9.Be2 Nc6 10.O-O Be6 11.Rc1 Rc8 12.Bg5 Be7 13.a3 h6 14.Bh4 Ne4 15.Bxe7 Nxe7
16.Qd4 Nc6 17.Qd3 Qf6 18.Nxd5 Bxd5 19.Qxd5 Qxb2 20.Qxe4 Qxe2 21.Qa4 Rfd8
22.h3 Qa2 23.Rfd1 Qe6 24.Qb5 Qe7 25.a4 Rc7 26.Rxd8+ Qxd8 27.Qc5  1/2-1/2

[Event "Open"]
[Site "Batumi GEO"]
[Date "2001.07.04"]
[Round "8"]
[White "Charkhalashvili,I"]
[Black "Magalashvili,D"]
[Result "1/2-1/2"]
[WhiteElo "2249"]
[BlackElo "2089"]

1.d4 d5 2.c4 e6 3.Nc3 Be7 4.Nf3 Nf6 5.Bf4 O-O 6.e3 c6 7.Bd3 Nbd7 8.c5 b6
9.b4 bxc5 10.bxc5 Qa5 11.Qc2 Ba6 12.O-O Bxd3 13.Qxd3 Nh5 14.Rfe1 Nxf4 15.exf4 Bf6
16.Re3 g6 17.h4 Rfd8 18.h5 Bg7 19.hxg6 hxg6 20.Ne5 Nxe5 21.fxe5 Rab8 22.Rf1 Rb2
23.f4 Qb4 24.Rg3 Qc4 25.Qe3 Rdb8 26.Rc1 R8b4 27.Rd1 Rc2 28.Kh1 Bh6 29.Rh3 Rbb2
30.Rg1 Bg7 31.f5 exf5 32.e6 Rxc3 33.Qxc3 Qxc3 34.Rxc3 fxe6 35.Rd3 Kf7 36.Re1 Rxa2
37.Rb1 g5 38.Rb7+ Kg6 39.Re7 Kf6 40.Rc7 Ra6 41.Rb3 Kg6 42.Re3 Bxd4 43.Rxe6+ Kh5
44.Rcxc6 Ra1+ 45.Kh2 Kg4 46.Ra6 Be5+ 47.Rxe5 Rxa6 48.Rxd5 f4 49.Rd3 Rc6 50.Ra3 a6
51.Kg1 Kf5 52.Kf2 Ke4 53.Ra4+ Kd5 54.Kf3 Kxc5 55.Ra5+ Kb4 56.Rxg5 Rc4 57.Ke2 a5
58.g3 fxg3 59.Rxg3 a4 60.Rg8 a3 61.Kd3 Rc3+ 62.Kd2 Rc5 63.Rb8+ Ka4 64.Ra8+ Kb3
65.Rb8+ Ka2 66.Rb4 Rc8 67.Rb6 Rc4 68.Rb8 Rh4 69.Kc2 Rh2+ 70.Kc1 Rb2 71.Ra8 Rb7
72.Rc8 Ka1 73.Rc3 a2  1/2-1/2

[Event "16th North Sea Cup"]
[Site "Esbjerg DEN"]
[Date "2001.07.08"]
[Round "3"]
[White "Rustemov,A"]
[Black "Schandorff,L"]
[Result "1/2-1/2"]
[WhiteElo "2607"]
[BlackElo "2551"]

1.d4 Nf6 2.Nf3 d5 3.c4 e6 4.Nc3 Be7 5.Bf4 O-O 6.e3 Nbd7 7.c5 c6 8.h3 b6 9.b4 a5
10.a3 Ba6 11.Bxa6 Rxa6 12.b5 cxb5 13.c6 Qc8 14.Nxb5 Qxc6 15.Nc7 Ra7 16.Rc1 Qb7
17.Nb5 Raa8 18.Rc7 Qa6 19.a4 Rfc8 20.O-O Bd8  1/2-1/2